Not dying /

Bibliographic Details
Main Author: Saroyan, William, 1908-1981
Format: Book
Language:English
Published: New York : Harcourt, Brace & World, [1963]

MARC

Tag First Indicator Second Indicator Subfields
LEADER 00000cam a2200000 4500
001 in00000024406
005 20151007062342.0
008 720417s1963 nyua 00010 eng u
010 |a  63013500  
035 |a (OCoLC)00286054 
035 |9 AAD4641AM 
040 |c WSU  |d TXA  |d UtOrBLW 
049 |a TXAM  |c [461944] 
050 0 |a PS3537.A826  |b Z54 
092 |a 818  |b S246n 
100 1 |a Saroyan, William,  |d 1908-1981. 
245 1 0 |a Not dying /  |c With drawings by the author. 
264 1 |a New York :  |b Harcourt, Brace & World,  |c [1963] 
300 |a 244 pages :  |b illustrations ;  |c 21 cm. 
336 |a text  |b txt  |2 rdacontent 
337 |a unmediated  |b n  |2 rdamedia 
338 |a volume  |b nc  |2 rdacarrier 
999 |a MARS 
999 f f |s 7880bd98-5047-34bb-8f5c-66b55c813122  |i 08af3756-d036-3053-bdcb-0f6ba323625f  |t 0 
952 f f |p normal  |a Texas A&M University  |b College Station  |c Sterling C. Evans Library  |d Evans: Library Stacks  |t 0  |e PS3537.A826 Z54  |h Library of Congress classification  |i unmediated -- volume  |m A14801265375 
998 f f |a PS3537.A826 Z54  |t 0  |l Evans: Library Stacks